000 00939nam a22002657a 4500
001 BR8007669
003 BR-BrBNA
005 20230928090900.0
007 ta
008 230509b bl.||||| |||| 00| 0 por d
040 _aBR-BrBNA
_bpor
_cBiblioteca Nacional de Agricultura
041 _a(Por)
072 _aK10
_b8901
_b/G514
090 _ 8901 BR8007669
110 1 _aInstituto Brasileiro de Desenvolvimento Florestal, Brasilia, DF (Brasil)
_95727
245 1 _aAproveitamento da madeira da area do reservatorio da usina hidreletrica de Tucurui. Edital de concorrencia publica para explotacao de lotes florestais - minuta [extracao da madeira, exploracao florestal, Para]
260 3 _aBrasilia, DF (Brasil):
_c[nd].
300 _a45 p.
500 _aPublished after 1979; 8 tables
650 _aEXTRACAO DA MADEIRA
650 _aEXPLORACAO FLORESTAL
650 _aPARA
909 _a202309
_bLucia
_c55
_dLucia Elande
942 _cBK
999 _c31072
_d31072